Seerat-e-Rehmat-e-Alam / (Record no. 595028)
[ view plain ]
| 000 -LEADER | |
|---|---|
| fixed length control field | 00484nam a22001577a 4500 |
| 082 ## - DEWEY DECIMAL CLASSIFICATION NUMBER | |
| Classification number | 297.63 |
| Author Mark | QAY |
| 100 ## - MAIN ENTRY--PERSONAL NAME | |
| Personal name | Qayyum, Abdul |
| 245 ## - TITLE STATEMENT | |
| Title | Seerat-e-Rehmat-e-Alam / |
| Statement of responsibility, etc. | Abdul Qayyum |
| 260 ## - PUBLICATION, DISTRIBUTION, ETC. | |
| Place of publication, distribution, etc. | Lahore : |
| Name of publisher, distributor, etc. | Bazm-e-Iqbal, |
| Date of publication, distribution, etc. | 2021. |
| 300 ## - PHYSICAL DESCRIPTION | |
| Extent | 232 p. ; |
| Dimensions | 22 cm. |
| 563 ## - BINDING INFORMATION | |
| Binding note | HBK. |
| 650 ## - SUBJECT ADDED ENTRY--TOPICAL TERM | |
| Topical term or geographic name entry element | سیرت النبیﷺ |
| -- | سوانح عمری ﷺ |
| 700 ## - ADDED ENTRY--PERSONAL NAME | |
| Personal name | Hafiz Muhammad Fayyaz Ilyas |
| 880 ## - ALTERNATE GRAPHIC REPRESENTATION | |
| Linkage | 245-02\r |
| Title | سیرت رحمت عالم ﷺ |
| 942 ## - ADDED ENTRY ELEMENTS (KOHA) | |
| Source of classification or shelving scheme | |
| Koha item type | Book |
| 650 ## - SUBJECT ADDED ENTRY--TOPICAL TERM | |
| -- | 113845 |
| 700 ## - ADDED ENTRY--PERSONAL NAME | |
| -- | 113266 |
| Withdrawn status | Lost status | Source of classification or shelving scheme | Damaged status | Not for loan | Permanent Location | Current Location | Shelving location | Date acquired | Source of acquisition | Total Checkouts | Total Renewals | Full call number | Barcode | Checked out | Date last seen | Date last checked out | Price effective from | Koha item type |
|---|---|---|---|---|---|---|---|---|---|---|---|---|---|---|---|---|---|---|
| Central Library (CL) | Central Library (CL) | First Floor - Islam | 06/27/2023 | Donated by Shahbaz Ali Baig | 1 | 1 | 297.63 QAY | CL-D-2373 | 04/01/2026 | 11/08/2025 | 11/08/2025 | 06/27/2023 | Book | |||||
| Central Library (CL) | Central Library (CL) | First Floor - Islam | 06/27/2023 | Donated by Shahbaz Ali Baig | 1 | 1 | 297.63 QAY | CL-D-2374 | 10/28/2025 | 09/20/2025 | 06/27/2023 | Book |
